| 000 | 00610nam a2200205Ia 4500 | ||
|---|---|---|---|
| 001 | 14002 | ||
| 003 | GE_BSU | ||
| 008 | 181216s||||||||xx |||||||||||||| ||und|| | ||
| 040 | _cGE_BSU | ||
| 080 | _a692.22(035.3) | ||
| 100 | _aПопченко,П.Д. | ||
| 245 | _aСправочник по гидроизоляции сооружений. | ||
| 245 | _cНауч. ред. П.Д.Глебов. | ||
| 260 | _aЛ. | ||
| 260 | _bСтройиздат. | ||
| 260 | _c1975. | ||
| 300 | _a232 стр. 21 см. | ||
| 653 | _aСправочник по гидроизоляции сооружений. | ||
| 942 | _cBK | ||
| 999 |
_c47144 _d47144 |
||